25 Most Populous Countries in 5000 - Statistics

General Stats
  • This quiz has been taken 110 times
  • The average score is 22 of 25
Answer Stats
Rank Population Country % Correct
2 1.54B China
100%
1 1.7B India
100%
4 1.16B United States
99%
7 654M Brazil
96%
6 765M Indonesia
96%
19 437M Niger
96%
3 1.2B Nigeria
96%
14 470M Mexico
95%
9 528M Pakistan
94%
5 893M Russia
93%
15 464M Egypt
91%
8 541M Democratic Republic of the Congo
89%
17 454M Germany
89%
12 488M Japan
89%
10 503M Iran
87%
11 497M Canada
85%
16 464M Ethiopia
85%
25 416M Vietnam
84%
20 437M Turkey
81%
21 436M Australia
80%
24 421M Iraq
74%
13 479M Tanzania
74%
23 428M Philippines
72%
22 428M Chad
66%
18 444M Madagascar
38%
No matching quizzes found
Score Distribution
Percent of People with Each Score
Percentile by Number Answered
Your Score History
You have not taken this quiz